000 02158nam a2200265 4500
001 0000008478
005 20250329165433.0
008 180125s2017 000 0 eng d
040 _aCO-CtgCURN
_bspa
_ccoctgcurn
082 0 _aENF 2017
_bC753
100 1 _aCuadrado Cantero, Laure.
245 1 0 _aConocimiento que tienen los enfermeros en reanimacion cerebro cardio pulmonar adulto de los servicios de urgencia y cuidado critico en cinco IPS. Cartagena. 2017 /
_cLauren Cuadrado Cantero; María Altamar Torres; Melissa Dita Vanegas; Stefany Jurado Ortega; Asesora Kendy Madero Zambrano.
260 _aCartagena de Indias :
_bCorporación Universitaria Rafael Núñez,
_c2017.
300 _a119 p :
_bil., tabs.
502 _aTrabajo de Grado. (Enfermera). Corporación Universitaria Rafael Nuñez . Facultad de Ciencias de la Salud . Programa de Enfermeria, 2017.
520 _aActualmente las instituciones de salud exigen a su personal de urgencia y cuidados intensivos, teoria t cnica sobre el protocolo de Reanimacion cerebro cardio pulmonar avanzada (RCCPa), puesto que la atencion exitosa de un paciente en paro Cerebro cardio respiratorio (PCCR) se fundamenta en una respuesta r pida y coordinada de los profesionales de la salud. La reanimacion cerebro cardio pulmonar, es el conjunto de medidas que se emplean cuando una persona sufre una parada cerebro cardio respiratoria, es decir, cuando sufre la usencia de circulacion y de ventilacion pulmonar. Esta reanimacion se realiza con intencion de conseguir el reinicio de la funcion cardiaca y respiratoria antes de que se produzca lesion cerebral.
650 0 _aEnfermeria
_vTesis y Disertaciones Academicas.
700 1 _aTorres, María Altamar.
700 1 _aVanegas, Melissa Dita.
700 1 _aJurado Ortega, Stefany.
700 1 _aMadero Zambrano, Kendy,
_cAsesora.
856 7 _uhttps://unicurn.sharepoint.com/:b:/s/biblioteca/EYquZ6trRl1BqJOKfQCV39IB5_It06mf6hQ71ai9twLwpQ?e=T5J1eL
_zClick aqui para ver el recurso en texto completo
942 _2ddc
_cTG
_hENF 2017
_iC753
999 _c3969
_d3969